00442nam a2200157Ia 4500008004100000020001500041082001600056100002500072245005800097250000800155260003600163300002400199500001900223600002700242650001500269240925s9999 xx 000 0 und d a8120325036 a621.317 RAS aRashid, Muhammad H. 0aPower Electronics: circuits, devices and applications a3rd aLondon:bPrentice, Hallc,2004. a998p.bNAfOriginal aIncludes Index aElectronic Engineering aTechnology